<?xml version="1.0" encoding="UTF-8"?>
<record
    xmlns:xsi="http://www.w3.org/2001/XMLSchema-instance"
    xsi:schemaLocation="http://www.loc.gov/MARC21/slim http://www.loc.gov/standards/marcxml/schema/MARC21slim.xsd"
    xmlns="http://www.loc.gov/MARC21/slim">

  <leader>01159nam a2200301 a 4500</leader>
  <controlfield tag="001">BRL_10</controlfield>
  <controlfield tag="005">20190320210541.0</controlfield>
  <controlfield tag="008">890818s1987    mx-a######---#000-0#spa-#</controlfield>
  <datafield tag="020" ind1=" " ind2=" ">
    <subfield code="a">9686237003</subfield>
  </datafield>
  <datafield tag="041" ind1=" " ind2=" ">
    <subfield code="a">spa</subfield>
  </datafield>
  <datafield tag="044" ind1=" " ind2=" ">
    <subfield code="a">mx</subfield>
  </datafield>
  <datafield tag="050" ind1=" " ind2="4">
    <subfield code="a">F1216.5</subfield>
    <subfield code="b">.F73 1987</subfield>
  </datafield>
  <datafield tag="100" ind1="1" ind2=" ">
    <subfield code="a">Franco Torrijos, Enrique</subfield>
    <subfield code="9">625</subfield>
  </datafield>
  <datafield tag="245" ind1="1" ind2="0">
    <subfield code="a">El ins&#xF3;lito paisaje mexicano</subfield>
    <subfield code="c">Enrique Franco Torrijos, fot&#xF3;grafo ; presentaci&#xF3;n, Ernesto Marcos ; pre&#xE1;mbulo, Enrique Franco Torrijos ; pr&#xF3;logo, Andr&#xE9;s Henestrosa ; semblanza de la obra, Demetrio Sodi Morales ; prosa y poes&#xED;a, Manuel Jos&#xE9; Oth&#xF3;n.</subfield>
  </datafield>
  <datafield tag="260" ind1=" " ind2=" ">
    <subfield code="a">M&#xE9;xico</subfield>
    <subfield code="b">Nacional Financiera</subfield>
    <subfield code="c">c1987</subfield>
  </datafield>
  <datafield tag="300" ind1=" " ind2=" ">
    <subfield code="a">162 p.</subfield>
    <subfield code="b">il. (algunas a color)</subfield>
    <subfield code="c">31 cm.</subfield>
  </datafield>
  <datafield tag="500" ind1=" " ind2=" ">
    <subfield code="a">Incluye &#xED;ndice de lugares</subfield>
  </datafield>
  <datafield tag="500" ind1=" " ind2=" ">
    <subfield code="a">Incluye dedicatoria del autor para Ruth Lechuga</subfield>
  </datafield>
  <datafield tag="500" ind1=" " ind2=" ">
    <subfield code="a">Au41</subfield>
  </datafield>
  <datafield tag="650" ind1="1" ind2="4">
    <subfield code="a">Paisajes</subfield>
    <subfield code="x">Obras pict&#xF3;ricas</subfield>
    <subfield code="z">M&#xE9;xico</subfield>
    <subfield code="9">22642</subfield>
  </datafield>
  <datafield tag="651" ind1=" " ind2="4">
    <subfield code="a">M&#xE9;xico</subfield>
    <subfield code="x">Obras pict&#xF3;ricas</subfield>
    <subfield code="9">22643</subfield>
  </datafield>
  <datafield tag="700" ind1="1" ind2=" ">
    <subfield code="a">Oth&#xF3;n, Manuel Jos&#xE9;</subfield>
    <subfield code="d">1858-1906</subfield>
    <subfield code="t">Selecciones</subfield>
    <subfield code="f">1987</subfield>
    <subfield code="9">22644</subfield>
  </datafield>
  <datafield tag="700" ind1="1" ind2=" ">
    <subfield code="a">Sodi Morales, Demetrio</subfield>
    <subfield code="9">22645</subfield>
  </datafield>
  <datafield tag="700" ind1="1" ind2=" ">
    <subfield code="a">Henestrosa, Andr&#xE9;s</subfield>
    <subfield code="9">1789</subfield>
  </datafield>
  <datafield tag="700" ind1="1" ind2=" ">
    <subfield code="a">Marcos, Ernesto</subfield>
    <subfield code="9">22646</subfield>
  </datafield>
  <datafield tag="902" ind1=" " ind2=" ">
    <subfield code="a">GRL</subfield>
  </datafield>
  <datafield tag="942" ind1=" " ind2=" ">
    <subfield code="2">lcc</subfield>
    <subfield code="c">B</subfield>
  </datafield>
  <datafield tag="999" ind1=" " ind2=" ">
    <subfield code="c">8823</subfield>
    <subfield code="d">8823</subfield>
  </datafield>
  <datafield tag="952" ind1=" " ind2=" ">
    <subfield code="0">0</subfield>
    <subfield code="1">0</subfield>
    <subfield code="4">0</subfield>
    <subfield code="7">0</subfield>
    <subfield code="a">BRL</subfield>
    <subfield code="b">BRL</subfield>
    <subfield code="d">2012-09-25</subfield>
    <subfield code="i">Au41</subfield>
    <subfield code="l">0</subfield>
    <subfield code="o">F1216.5 .F73 1987 (Au41)</subfield>
    <subfield code="p">GRL00011</subfield>
    <subfield code="r">2019-03-22 00:00:00</subfield>
    <subfield code="w">2019-03-22</subfield>
    <subfield code="y">B</subfield>
  </datafield>
</record>
